Представление документа в формате MARC21

Поле Инд. ПП Название Значение
Тип записи a
Библиографический уровень m
001 Контрольный номер dd419687-ab7e-4c9f-b182-10a28e779a2e
005 Дата корректировки 20140227032634.1
008 Кодируемые данные 041029
040 a Служба первич. каталог. НБ ТвГУ
041 a Код языка текста rus
084 a Индекс другой классификации/Индекс ББК В127
a Индекс другой классификации/Индекс ББК В124
090 x Авторский знак Г19
a Полочн. индекс В127
100 1_ a Автор Ганов Валерий Александрович
245 00 a Заглавие Общая теория вычислений с оракулами
c Ответственность В. А. Ганов, Н. В. Белякин ; [под ред. С. С. Гончарова] ; АН СССР, Сиб. отд-ние, Ин-т математики
260 0_ a Место издания Новосибирск
b Издательство Институт математики
c Дата издания 1989
300 a Объем 136 с.
b Иллюстрации/ тип воспроизводства ил.
504 a Библиография Библиогр.: с. 135.
650 a Основная рубрика Математика
653 a Ключевые слова Математика
700 1_ a Другие авторы Белякин Николай Васильевич
e Роль лиц авт.
700 1_ a Другие авторы Гончаров Сергей Севостьянович
e Роль лиц ред.
852 t Порядковый номер экземпляра 1
q Физ. особенности экз. к
p Инвентарный номер 627581
863 t 00031891
954 a Дата поступления на обработку 20051221
999 a Подразделение 2 Фил3